000 00314nam a22001337a 4500
008 170606b xxu||||| |||| 00| 0 eng d
020 _a9280810030
041 _aeng
080 _a94
100 _a18
101 _aSHH
245 _aUN PEACE-KEEPING OPERATIONS: JAPANESE POLICIES
_cHEINRICH,L.W
942 _2udc
_cBK
999 _c16100
_d16100